Statystyki dla Warzywa

Kliknij tutaj aby rozwiązać quiz!

Ogólne statystyki

  • Ten quiz został rozwiązany 20 razy
  • Średni wynik to 9 z 13

Statystyki odpowiedzi

HintOdpowiedź% Poprawnych
ZielonyOgórek
95%
CzerwonyPomidor
95%
Czerwony Zielony i żółtyPapryka
89%
PomarańczowyMarchewka
79%
żółtyZiemniak
79%
Zielono-BiałeKapusta
74%
Zielony Biały i FioletowySałata
74%
Czerwono-Rózowy
Burak
68%
ZielonyBrokuł
58%
BiałyKalafior
58%
ZielonyGroszek
37%
ZielonyBrukselka
26%
PomarańczowyBatat
21%

Rozkład punktacji

Percentyl według liczby udzielonych odpowiedzi

Procent ludzi z każdym wynikiem

Twoja historia wyników

Nie rozwiązałeś tego quizu